000 00375pab a2200157 454500
008 180718b2005 xxu||||| |||| 00| 0 eng d
100 _aBishoyi, Deepak
245 _aIT - new mantra for women's empowerment
260 _c2005
300 _ap.10-13.
362 _aAug
650 _aWomen
650 _aInformation technology
773 _aSocial Welfare
909 _a66672
999 _c66672
_d66672